| 000 | 01092pam a2200289 a 4500 | ||
|---|---|---|---|
| 001 | 2469232 | ||
| 005 | 20180529101009.0 | ||
| 008 | 900928s1991 ncu b 001 0 eng | ||
| 010 | _a 90020151 | ||
| 020 |
_a0939464519 : _c$30.00 |
||
| 040 |
_aDLC _cDLC _dDLC |
||
| 100 | 1 | _aSchreiner, Susan Elizabeth. | |
| 245 | 1 | 4 |
_aThe theater of His glory : _bnature and the natural order in the thought of John Calvin / _cSusan E. Schreiner. |
| 260 |
_aDurham, N.C. : _bLabyrinth Press, _cc1991. |
||
| 300 |
_a164 p. ; _c24 cm. |
||
| 336 | _atext | ||
| 337 | _aunmediated | ||
| 338 | _avolume | ||
| 490 | 1 |
_aStudies in historical theology ; _v3 |
|
| 500 | _aRevision of the author's thesis (Ph. D.)--Duke University, 1983. | ||
| 504 | _aIncludes bibliographical references (p. [123]-158) and index. | ||
| 600 | 1 | 0 |
_aCalvin, Jean, _d1509-1564. |
| 650 | 0 |
_aNature _xReligious aspects _xReformed Church _xHistory of doctrines _y16th century. |
|
| 650 | 0 |
_aReformed Church _xDoctrines _xHistory _y16th century. |
|
| 830 | 0 |
_aStudies in historical theology (Durham, N.C.) ; _v3. |
|
| 942 |
_2lcc _cBK |
||
| 999 |
_c42114 _d42114 |
||